Comparative Latin American politics
שמור ב:
| מחבר ראשי: | |
|---|---|
| פורמט: | ספר |
| שפה: | אנגלית |
| יצא לאור: |
Boulder, Colorado, United States
Westview Press
2010
|
| מהדורה: | First edition |
| נושאים: | |
| תגים: |
הוספת תג
אין תגיות, היה/י הראשונ/ה לתייג את הרשומה!
|
MARC
| LEADER | 00000nam a22000007a 4500 | ||
|---|---|---|---|
| 003 | CL-VaPUC | ||
| 005 | 20210617001429.0 | ||
| 008 | 200225b ||||| |||| 00| 0 eng d | ||
| 999 | |c 416788 |d 416786 | ||
| 020 | |a 9780813344621 | ||
| 040 | |c Pontificia Universidad Católica de Valparaíso | ||
| 041 | 0 | |a eng | |
| 082 | |a 320.3098 SCH 2010 | ||
| 100 | 1 | |a Schneider, Ronald M |9 719759 | |
| 245 | 1 | 0 | |a Comparative Latin American politics |
| 250 | |a First edition | ||
| 260 | 3 | |a Boulder, Colorado, United States |b Westview Press |c 2010 | |
| 300 | |a 363 p | ||
| 505 | |a Part 1. Latin America: Independence to 1930. Part 2. Latin America since 1930. Part 3. Comparative perspectives and outlook. | ||
| 583 | |c 20200225 |k Daniel Castañeda | ||
| 650 | 0 | 0 | |a Política y gobierno |9 255151 |
| 650 | 0 | 0 | |a GOBIERNOS AMERICANOS |9 719760 |
| 651 | 0 | 0 | |a América Latina |9 255027 |
| 942 | |2 ddc |c BK | ||
| 952 | |0 0 |1 0 |2 ddc |4 0 |6 320_309800000000000_SCH_2010 |7 0 |8 A |9 551460 |a BIBGIM |b BIBGIM |d 2020-02-25 |i 5614570 |o 320.3098 SCH 2010 |p 5614570 |r 2025-01-15 |t 1 |w 2020-02-25 |y BK |k GIM | ||